000 00334nam a22001337a 4500
020 _a0852741332
082 _222
_a363.1196210
100 _aFremlin, J. H.
245 _aPower production what arethe risks ?
250 _a2 nd.
260 _aNew York,
_bAdam Hilger,
_cc1989.
300 _avi,347 p. ;
_bill. ;
_c24 cm.
942 _2ddc
_cEE
999 _c3491
_d3491